Guess the song - Niall Horan - Statistics

General Stats
  • This quiz has been taken 448 times
    354 since last reset
  • The average score is 25 of 42
Answer Stats
Hint Answer % Correct
Waking up to kiss you and nobody’s there… This Town
89%
We should take this back to my place… Slow Hands
87%
We fight, we get high, holding on to love… Put a Little Love On Me
83%
Life is like a board game some of the time... The Show
77%
When you feel your love's been taken… Flicker
74%
That first night we were standing at your door… Black And White
73%
Strange light revolves around you... Heaven
73%
Barefoot and a bottle of wine… No Judgement
73%
In this house, of broken hearts… Paper Houses
72%
Can you feel, what's beneath... Science
70%
I'm a specialist at overthinkin' everything... Must Be Love
68%
I like the way you talk… Nice to Meet Ya
67%
Moon shining, sun rising… San Francisco
67%
I swear there was a lightning… Heartbreak Weather
65%
She closed the door… Mirrors
65%
Wantin' your summer skin pressed on mine... On A Night Like Tonight
65%
...Never wanna be like them... Never Grow Up
64%
Oh no, get ready, I feel it coming it’s coming again… The Tide
64%
I'll be honest... Our song
62%
My mind is complicated… Still
62%
She’s been looking at me all night… Small Talk
60%
You keep sayin’ that you’re alright… Fire Away
59%
Darlin', I would give up everything... You Could Start A Cult
59%
It’s your world I, wanna live in… Cross Your Mind
58%
Everybody, got somebody… On my Own
58%
Waiting here for someone… Too Much to Ask
58%
…Can we share a drink and let go of the pressure… Dear Patience
57%
You walk into the room I go quiet… Everywhere
57%
...Talkin' to yourself... Meltdown
57%
I have seen, seen it all in paper dreams… Seeing Blind
55%
I feel a little nauseous and my hands are shaking... What A Time
51%
I know what she’s like… On the Loose
48%
So I never really knew you... Moral of the Story
47%
I just called to say, that I miss you babe… Bend The Rules
46%
Too many hours in the night… New Angel
44%
I keep staring at that little white number... Dress
43%
I never thought that I would find out… Arms Of A Stranger
42%
Met you in a dream... If You Leave Me
42%
Eyes are bloomin'... Save My Life
42%
Like the rain on a sunny day… Since We’re Alone
42%
I’ve got a young heart… You and Me
41%
What holds me, when I'm alone... Nothing
38%
No matching quizzes found
Score Distribution
Percent of People with Each Score
Percentile by Number Answered
Your Score History
You have not taken this quiz since the last reset